| 000 | 01196nam a2200253Ia 4500 | ||
|---|---|---|---|
| 999 |
_c50298 _d50298 |
||
| 001 | 17239 | ||
| 003 | GE_BSU | ||
| 005 | 20200204144454.0 | ||
| 008 | 181216s2014ru xx |||||||||||||| ||rus|| | ||
| 020 | _a978523024974 | ||
| 040 | _cGE_BSU | ||
| 080 | _a657(083.74) Т-88 | ||
| 100 |
_aТурманидзе,Теймураз. _96778 |
||
| 245 |
_aАнализ и оценка эффективности инвестиции : _bУчеб.пособ. для студ.вузов,обучающихся по экономическим специальностям / _cТеймураз Турманидзе ; Гл.ред : Н.Д.Эриашвили ; ред :Т. М.Дубович . |
||
| 250 | _a-2-е изд,перераб,и доп | ||
| 264 |
_aМосква : _bЮнити, _c2014. |
||
| 300 |
_a247 с .: _c22 см, |
||
| 653 | _aАнализ и оценка эффективности инвестиции | ||
| 653 | _aბუღალტერია | ||
| 653 | _aეკონომიკა | ||
| 700 |
_aЭриашвили, Н.Д _eმთავარი რედაქტორი _96779 |
||
| 700 |
_aДубович, Т.М _eრედაქტორი _96780 |
||
| 942 |
_cBK _2udc |
||